Statistics for Unrecognized Countries

Click here to take the quiz!

General Stats

  • This quiz has been taken 52 times
  • The average score is 7 of 12

Answer Stats

Answer% Correct
Taiwan
84%
Palestine
82%
Kosovo
76%
Abkhazia
73%
South Ossetia
71%
Transnistria
64%
Somaliland
64%
Western Sahara
62%
Northern Cyprus
53%
Artsakh
49%
Kurdistan
33%
Puntland
9%

Score Distribution

Percentile by Number Answered

Percent of People with Each Score

Your Score History

You have not taken this quiz